[Event "Charlotte GM-A MLK 2022"]
[Site "Charlotte"]
[Date "2022.01.17"]
[Round "7.1"]
[White "Vazquez, Guillermo"]
[Black "Stearman, Josiah"]
[Result "1/2-1/2"]
[WhiteElo "2532"]
[BlackElo "2406"]
[Annotator "TA"]
[PlyCount "68"]
[EventDate "2022.01.13"]
[EventType "tourn"]
[EventCountry "USA"]
[SourceTitle "playchess.com"]
[Source "ChessBase"]
[SourceQuality "1"]

{[%evp 9,68,16,12,9,16,0,12,0,-16,-14,3,12,4,10,15,10,24,0,0,0,0,0,24,12,9,0,0,0,0,0,0,0,16,25,11,18,13,0,21,-17,-17,-17,-16,-21,0,0,0,0,0,0,11,0,16,0,12,0,0,0,0,0,0]} 1. e4 c5 2. Nf3 d6 3. d4 cxd4 4. Qxd4 Nc6 5. Qe3 Nf6 6. Nc3 {B53: Sicilian: 2...d6: Lines with Qxd4.} g6 7. Bc4 Bg7 8. h3 $1 {[%mdl 4] is recently more successful than 8.0-0.} O-O 9. O-O a6 10. a4 Be6 11. Bxe6 fxe6 12. Ne2 {[#]} Nd7 $146 ({Predecessor:} 12... Qd7 13. Rd1 Rac8 14. Bd2 b5 15. axb5 axb5 16. Ra6 d5 17. Bc3 b4 18. Bxf6 Rxf6 {½-½ (50) Demchenko,A (2632)-Bocharov,D (2528) Khanty-Mansiysk 2020}) 13. Rb1 Qa5 14. b3 Qc5 15. c4 b5 (15... Qxe3 {seems wilder.} 16. Bxe3 h6 17. Rfd1 Kf7 18. Ne1 b6) 16. axb5 axb5 17. cxb5 Qxb5 18. Ned4 Nxd4 19. Nxd4 Bxd4 20. Qxd4 e5 21. Qd1 Nf6 22. f3 {The position is equal.} Ra2 23. Be3 d5 24. Rf2 (24. b4 $5 {[%cal Re3c5]}) 24... Rxf2 25. Bxf2 dxe4 26. b4 exf3 27. Qxf3 Nd5 28. Qb3 Rf4 {[%cal Rf4b4]} 29. Bc5 e6 30. Re1 e4 31. Qb2 {Black must now prevent Qe5.} Rf5 {Prevents Qe5.} 32. Rxe4 Nxb4 $1 33. Qxb4 ({Wrong is} 33. Bxb4 $2 Qf1+ 34. Kh2 Rf2 35. Qxf2 Qxf2 $19) 33... Qxc5+ 34. Qxc5 Rxc5 {A balanced but interesting game.  Weighted Error Value: White=0.06 (flawless) /Black=0.06 (flawless)} 1/2-1/2

[Event "Charlotte GM-A MLK 2022"]
[Site "Charlotte"]
[Date "2022.01.17"]
[Round "7.2"]
[White "Vivekananthan, Anish"]
[Black "Hilby, Craig"]
[Result "1/2-1/2"]
[WhiteElo "2319"]
[BlackElo "2434"]
[Annotator "TA"]
[PlyCount "25"]
[EventDate "2022.01.13"]
[EventType "tourn"]
[EventCountry "USA"]
[SourceTitle "playchess.com"]
[Source "ChessBase"]
[SourceQuality "1"]

{[%evp 19,25,3,2,12,11,0,0,22]} 1. d4 d5 2. c4 e6 3. Nf3 c6 4. e3 Nf6 5. Nbd2 Nbd7 6. Bd3 Bd6 7. O-O O-O 8. b3 e5 9. cxd5 cxd5 10. dxe5 Nxe5 {The position is equal.} 11. Be2 {D30: Queen's Gambit Declined: Systems without Nc3.} Nc6 {[#]} 12. Bd3 $146 ({Predecessor:} 12. Bb2 Bg4 13. Nd4 Bxe2 14. Qxe2 Re8 15. Rfd1 Rc8 16. N2f3 Bf8 17. Rac1 Ne4 18. Qb5 Qb6 19. Qxd5 {1-0 (54) Milanovic,D (2491)-Sarenac,D (2293) Kragujevac 2013}) 12... Bg4 13. Bb2 {Not much happened in this game.  Weighted Error Value: White=0.06 (flawless) /Black=0.00 (flawless)} 1/2-1/2

[Event "Charlotte GM-A MLK 2022"]
[Site "Charlotte"]
[Date "2022.01.17"]
[Round "7.3"]
[White "Posthuma, Joshua"]
[Black "Talukdar, Rohan"]
[Result "1-0"]
[WhiteElo "2359"]
[BlackElo "2329"]
[Annotator "TA"]
[PlyCount "51"]
[EventDate "2022.01.13"]
[EventType "tourn"]
[EventCountry "USA"]
[SourceTitle "playchess.com"]
[Source "ChessBase"]
[SourceQuality "1"]

{[%evp 9,51,0,-4,0,6,-14,68,64,59,55,61,63,54,59,64,58,104,112,181,139,142,111,110,114,96,116,118,134,135,153,286,281,272,257,883,862,772,424,708,694,29988,29989,29991,376]} 1. c4 c5 2. Nf3 {[%cal Bg1f3,Bf3d4,Bd4b5,Bb5d6][%mdl 32]} Nc6 3. d4 cxd4 4. Nxd4 Nf6 5. g3 e5 6. Nb5 {A31: Symmetrical English: 2 Nf3 Nf6 3 d4.} Bb4+ 7. N1c3 {7.Bd2 injects fresh life into this line.} a6 ({But not} 7... d5 8. cxd5 a6 9. dxc6 $14) (7... d6 $11) 8. Nd6+ $14 {White is slightly better.} Ke7 9. Nf5+ Kf8 {White must now prevent ...d5.} 10. Ne3 {[#] Prevents d5.} d6 $146 ({Predecessor:} 10... Ne4 11. Ned5 Nxc3 12. bxc3 Bc5 13. Bg2 d6 14. Be3 Bxe3 15. Nxe3 Be6 16. O-O Ke7 {1-0 (36) Kamsky,G (2744)-Le,Q (2693) Amsterdam 2012}) 11. Bg2 Be6 12. O-O Bxc3 (12... h5 $14 {deserves consideration.}) 13. bxc3 $16 Ke7 {[#]} (13... Qc7 $16) 14. Ba3 (14. Rb1 $1 $18 {[%cal Rb1b7]} Qc7 15. f4 exf4 16. gxf4 (16. Rxf4 Rhd8 $16)) 14... Qc7 15. c5 {[%cal Rc5d6]} d5 16. Nxd5+ Bxd5 17. Bxd5 Nxd5 18. Qxd5 Rhd8 19. Qe4 {White is more active.} g6 (19... h6 $16 20. Rab1 Rab8) 20. Qh4+ $18 Ke6 21. f4 {[%cal Of4f5] aiming for f5+!} e4 $2 (21... Qe7 22. Qh3+ (22. Qxh7 $2 Rh8 $19) 22... f5) 22. f5+ gxf5 23. Qh6+ f6 {[#]} (23... Kd7 $142 24. Qxh7 Kc8 25. Qxf5+ Kb8) 24. Rxf5 $3 {[%mdl 512]} Kxf5 (24... Kd7 25. Rxf6) 25. Rf1+ Ke6 26. Qxf6+ $2 {Weighted Error Value: White=0.28 (precise) /Black=0.66} (26. Rxf6+ {mates} Kd5 27. Qd2+ Kc4 28. Qc2 Rd1+ 29. Qxd1 Kxc3 {[#]} 30. Rf3+ $3 {[%mdl 512]} Kc4 31. Qb3+ Kd4 32. e3+ Ke5 33. Bb2+ Nd4 34. exd4#) 1-0

[Event "Charlotte GM-A MLK 2022"]
[Site "Charlotte"]
[Date "2022.01.17"]
[Round "7.4"]
[White "Mishra, Abhimanyu"]
[Black "Stremavicius, Titas"]
[Result "0-1"]
[WhiteElo "2510"]
[BlackElo "2506"]
[Annotator "TA"]
[PlyCount "146"]
[EventDate "2022.01.13"]
[EventType "tourn"]
[EventCountry "USA"]
[SourceTitle "playchess.com"]
[Source "ChessBase"]
[SourceQuality "1"]

{[%evp 11,146,38,40,22,22,23,19,10,18,10,18,16,14,8,41,32,39,43,26,30,45,8,10,15,14,11,53,53,67,60,67,60,72,82,86,47,47,47,50,50,116,122,135,68,104,69,74,77,61,88,194,182,375,417,410,393,366,177,233,206,738,738,578,522,533,158,283,156,207,218,234,202,201,189,201,204,409,210,218,218,218,218,236,128,157,0,329,0,157,102,157,148,221,58,58,58,58,58,51,0,0,0,53,60,60,-527,-371,-29969,-29971,-29970,-1094,-1414,-1414,-660,-588,-588,-580,-29970,-29970,-29969,-29969,-29969,-29970,-29965,-5110,-29978,-29979,-29978,-29980,-29980,-29981,-29983,-29983,-29984,-29985,-29984,-29984]} 1. e4 c5 2. Nf3 Nc6 3. Bb5 Nf6 4. Nc3 {[%cal Bb1c3,Bc3e4,Be4f6][%mdl 32]} g6 5. e5 Ng4 6. Bxc6 dxc6 7. h3 {B30: Sicilian: 2...Nc6 3 Bb5, lines without ...g6.} Nh6 {[%cal Bg4h6,Bh6f5,Bf5d4][%mdl 32]} 8. Ne4 b6 9. d3 {The position is equal.} Nf5 10. a4 {[%cal Oa4a5]} a5 11. O-O Bg7 12. Re1 Nd4 {[#]} 13. Nf6+ $1 Kf8 14. Ne4 h6 15. Bf4 Kg8 {[#]} 16. c3 $146 ({Predecessor:} 16. b3 Bf5 17. Bh2 Ra7 18. Nh4 Be6 19. Rb1 Rd7 20. f4 Kh7 21. Bg3 Qc7 22. Bf2 {1-0 (46) Conde Poderoso,A (2333)-Silva Filho,A (2250) ICCF email 2016}) 16... Nxf3+ 17. Qxf3 Be6 18. c4 Qd7 (18... Qd4 $11 {is superior.}) 19. Bd2 $14 Kh7 (19... Bxe5 20. Nxc5 $1 {[%mdl 512]} Bh2+ 21. Kxh2 $16) 20. Bc3 Rhf8 21. Re3 Qc7 22. Rae1 Rad8 23. Qg3 (23. g4 {is more complex.} Kg8 24. Qg3 Bd5 25. Nd2 Be6 26. f4) 23... Bf5 24. f4 Bxe4 25. dxe4 Qc8 (25... e6 $14) 26. Rf1 $16 Qe6 27. f5 (27. b3 $16) 27... Qxc4 $14 28. f6 $1 exf6 29. exf6 Bh8 30. e5 $36 {[%cal Oe5e6][%mdl 3072] White has compensation. White is in control.} Qe6 (30... Qxa4 $2 31. e6 Rc8 32. e7 $18) (30... Rfe8 $16) 31. Re4 $1 $18 {Strongly threatening Rh4.} g5 {Inhibits Rh4.} (31... Rg8) 32. Rg4 Rg8 33. Qf3 Rg6 34. Qe4 (34. h4 $142) 34... b5 (34... Qd5 $142) 35. h4 $1 (35. Bxa5 Ra8 36. Bb6 Rxa4 $14) 35... gxh4 (35... b4 $2 36. h5 $1 $18) (35... Qd5) 36. Rxg6 fxg6 37. axb5 cxb5 38. Bxa5 $2 (38. Qb7+ $18 Rd7 39. Qc8) 38... Rd7 (38... Rf8 $16) 39. Qf4 (39. Qxh4 $6 Qxe5 40. f7 Qe3+ 41. Qf2 Qxf2+ 42. Rxf2 Rd1+ 43. Kh2 Be5+ 44. g3 Bg7 $16) ({Better is} 39. Be1 $18) 39... b4 (39... Rf7 $16 {keeps fighting.} 40. Bd2 Bg7 41. Qxh4 Bf8) 40. f7 $1 (40. Qxh4 Qxe5 41. f7 Bg7 $11) 40... Bg7 41. f8=Q Bxf8 42. Qxf8 Qxe5 43. Bd8 {White wants to mate with Bf6.} Qe6 (43... Qd4+ 44. Kh1 h3) 44. Bf6 (44. Bxh4 $142 {Hoping for Bf6.} c4 45. Qxb4) 44... g5 45. Qxc5 {White threatens Qc2+ and mate.} Qe4 {To avoid Qc2} 46. Be5 {Threatens to win with Qc8.} (46. Qf8 h3 47. gxh3 (47. Qh8+ $2 Kg6 $19) 47... Qe3+ 48. Kh1 Qxh3+ 49. Kg1 Qg3+ 50. Kh1 Qh3+ 51. Kg1 Qg3+ 52. Kh1 Qh3+ $11) 46... Kg6 {[%cal Oh4h3]} 47. Bd6 (47. Qc8 Re7 $18) ({White has to play} 47. Rf6+ $1 $18 Kh5 48. Bd6) 47... Qd3 48. Be5 (48. Bf8 $1 $16 {Intending Qb6+ and mate.} Qd4+ 49. Qxd4 Rxd4 50. b3) 48... Qe4 $1 {[%cal Oh4h3] [#]} 49. Bd6 (49. Qc8 $1 $18 {is more deadly. Threatening mate with Qe8+.} Re7 50. Rf6+ Kh5 51. Rxh6+ $3 {[%mdl 512]} Kxh6 52. Qf8+ Rg7 53. Qxg7+ Kh5 54. Qh8+ Kg4 55. Kh2) 49... Qd3 $1 $16 {[#]} 50. Be7 (50. Be5 Qe4 $18) (50. Bf8 $142 $1 {And now Qb6+ would win.} Qd4+ 51. Qxd4 Rxd4 52. b3) 50... Kh5 ({Black should play} 50... Qe4) 51. Bf8 ({Don't go for} 51. Qxb4 $2 Qe3+ 52. Kh1 Rxe7 $19) 51... h3 (51... Qd4+ $16 52. Qxd4 Rxd4) 52. Rf3 $2 (52. Qb6 $18 Qd4+ 53. Qxd4 Rxd4 54. gxh3) 52... Qd1+ $14 53. Kh2 {[%cal Og2g4]} ({Don't blunder} 53. Rf1 $2 h2+ 54. Kxh2 Qxf1 $19) 53... hxg2 54. Rh3+ Kg4 {[%csl Gg2][%cal Rd1h1]} 55. Qc4+ Kf5 $1 {[%csl Gd1][%cal Rg2g1]} 56. Qc5+ (56. Kxg2 $2 {leads to mate.} Rd2+ 57. Kg3 Qg1+ 58. Kf3 Qf2#) 56... Kg4 {[%csl Gg2][%cal Rd1h1] The board is on fire.} 57. Rg3+ Kh5 {[%csl Gg2][%cal Rd1h1]} 58. Rxg2 $2 {[%mdl 8192] [#]} (58. Qg1 $1 $14 {stays ahead.} Qxg1+ 59. Kxg1) 58... Rd4 $1 $19 {( -> ...Rh4+)} 59. Qe5 $2 (59. Bd6 $19 Rh4+ 60. Kg3 Qd3+ 61. Kf2) 59... Rh4+ 60. Kg3 Qg4+ (60... Qd3+ $142 61. Kf2 Rf4+ 62. Qxf4 gxf4 63. Bc5 Qd2+ 64. Kg1 Qc1+ 65. Kh2 Qxc5 66. Rd2 Qe3 67. Rc2 Qg3+ 68. Kh1 f3 69. b3 Kg4 70. Rf2 Kh3 71. Re2 Qf4 72. Rc2 f2 73. Rc3+ bxc3 74. b4 f1=Q#) 61. Kf2 Qf4+ 62. Qxf4 Rxf4+ 63. Kg3 {aiming for Rh2+.} Rxf8 {[%mdl 4096] Endgame KR-KR} 64. Rh2+ Kg6 65. Rd2 h5 {[%cal Bh6h5,Bh5h4,Bh4h3,Bh3h2][%mdl 32]} 66. Rd4 h4+ 67. Kg2 Rf4 68. Rd6+ Kh5 {Black mates.} 69. Rd3 Kg4 70. b3 h3+ 71. Kg1 Rf3 72. Rd4+ Kg3 73. Rd2 h2+ {Never resign too early!  Weighted Error Value: White=0.62/Black=0.31} 0-1

[Event "Charlotte GM-A MLK 2022"]
[Site "Charlotte"]
[Date "2022.01.17"]
[Round "7.5"]
[White "Zhou, Jianchao"]
[Black "Gauri, Shankar"]
[Result "1-0"]
[WhiteElo "2617"]
[BlackElo "2325"]
[Annotator "TA"]
[PlyCount "75"]
[EventDate "2022.01.13"]
[EventType "tourn"]
[EventCountry "USA"]
[SourceTitle "playchess.com"]
[Source "ChessBase"]
[SourceQuality "1"]

{[%evp 9,75,0,0,0,10,0,0,0,0,0,0,10,7,0,0,2,33,17,17,13,18,13,18,12,20,21,50,47,46,55,57,28,65,61,69,56,56,52,71,52,98,75,80,72,87,61,210,195,190,201,480,195,229,233,587,594,564,576,560,541,700,698,1259,1269,5293,1880,1616,1560]} 1. d4 Nf6 2. c4 e6 3. Nf3 b6 4. a3 Bb7 5. Bf4 c5 6. Nc3 {[%cal Bb1c3,Bc3b5,Bb5d6][%mdl 32] E12: Queen's Indian: Unusual White 4th moves, 4 a3, 4 Nc3 Bb7 5 a3 and 4 Nc3 Bb7 .} cxd4 7. Qxd4 Nc6 8. Qd3 {The position is equal.} Nh5 9. Bg5 Be7 10. Bxe7 Qxe7 11. Nb5 {[#] Black must now prevent Nd6+.} O-O {[%cal Od7d5]} 12. Nd6 Rab8 (12... Nf4 13. Qd2 Ng6 14. Nxb7 $16) 13. e3 Nf6 14. Be2 {[#]} Ne8 $146 ({Predecessor:} 14... Rfd8 15. O-O Ne8 16. Nxb7 Rxb7 17. Rfd1 Rc7 18. b4 h6 19. g3 Nf6 20. Rac1 Rdc8 {½-½ (48) Morrow,W (2506)-Papenfuss,I (2480) GER email 2019}) 15. Nxb7 Rxb7 16. O-O Nf6 17. Rfd1 d5 18. cxd5 Nxd5 19. Rac1 Rc7 20. Qb1 Na5 21. Rxc7 Qxc7 22. Rc1 $40 {[%mdl 128] White has some attack.} Qb8 23. Qc2 Nb7 24. Nd4 {[%cal Bf3d4,Bd4c6,Bc6e7][%mdl 32]} Nd6 (24... Ne7 $1 $14) 25. Ba6 Qd8 26. g3 {White is more active.} g6 27. Nc6 Qg5 {Black cannot hold the game after this.} (27... Qc7 $1 $14) 28. h4 $18 Qg4 29. Be2 Qh3 (29... Qe4 {was worth a try.} 30. Nxa7 Rd8 31. Qxe4 Nxe4) 30. Bf1 (30. e4 $142) 30... Qg4 31. Bg2 (31. Nxa7 Nxe3 32. Qd3 (32. fxe3 Qxg3+ 33. Bg2 Qxe3+ 34. Kh2 Nf5 $11) 32... Nef5 $14) 31... Nxe3 (31... Nf6 32. Nxa7 Qf5 33. Qxf5 exf5) 32. Ne7+ {[%mdl 64] [#] Zwischenzug. White is clearly winning.} ({Not} 32. fxe3 Qxg3 33. Qf2 (33. Nxa7 Qxe3+ 34. Kh2 Qf4+ 35. Kg1 Qe3+ 36. Kh2 Qf4+ 37. Kg1 Qe3+ $11) 33... Qxf2+ 34. Kxf2 a5 $18) 32... Kg7 33. Qc3+ ({Less strong is} 33. fxe3 Qxg3 34. Qf2 Qxf2+ 35. Kxf2 Rd8 $16) 33... f6 34. Qxe3 Rf7 35. Nc6 Rc7 36. Bf3 Qf5 37. Nd4 {[%csl LRc7,LRe6,LRf5]} Rxc1+ 38. Qxc1 {Weighted Error Value: White=0.20 (precise) /Black=0.47} 1-0

[Event "Charlotte GM-A MLK 2022"]
[Site "Charlotte"]
[Date "2022.01.17"]
[Round "8.1"]
[White "Stearman, Josiah"]
[Black "Gauri, Shankar"]
[Result "0-1"]
[WhiteElo "2406"]
[BlackElo "2325"]
[Annotator "TA"]
[PlyCount "96"]
[EventDate "2022.01.13"]
[EventType "tourn"]
[EventCountry "USA"]

{[%evp 10,96,18,24,33,27,25,8,25,0,0,0,0,-17,-4,-15,-4,-14,-18,-13,-3,-49,-39,-45,-31,-41,-28,-36,-39,-46,-46,-52,-23,-30,-34,-106,-77,-62,-69,-72,-38,-208,-121,-125,-114,-140,-130,-173,-170,-169,-171,-169,-104,-663,-663,-638,-585,-713,-710,-713,-713,-713,-548,-533,-507,-500,-500,-500,-500,-648,-595,-750,-678,-962,-962,-933,-918,-906,-884,-1378,-1322,-1002,-804,-903,-894,-1366,-1334,-3225,-1952]} 1. e4 e5 2. Nf3 Nc6 3. Bb5 Nf6 4. d3 d6 5. O-O Be7 6. c3 a6 {C65: Ruy Lopez: Berlin Defence (3...Nf6), unusual lines and 4 0-0 Bc5.} 7. Bxc6+ bxc6 8. Re1 O-O {The position is equal.} 9. h3 c5 10. d4 Bb7 {[#]} 11. d5 $146 ({Predecessor:} 11. Qc2 d5 12. exd5 e4 13. Ne5 Qxd5 14. Be3 Bd6 15. Qb3 cxd4 16. cxd4 Qxb3 17. axb3 {½-½ (24) Marek,M (2283)-Plat,V (2451) Ostrava 2015}) 11... c6 {[%cal Rc6d5]} 12. c4 cxd5 13. cxd5 Nd7 14. Nc3 a5 15. g4 (15. Nd2 $11 {was preferrable.}) 15... Ba6 $15 16. Ne2 c4 17. Be3 Qb8 18. Qc1 Rc8 19. Ng3 Nc5 (19... Qb4 {is more complex.} 20. Qc3 g6 21. Rec1 Rab8 22. Rab1 Bd8) 20. Nf5 Bf8 21. Bxc5 Rxc5 22. h4 (22. Rb1 $15) 22... Qc7 23. Qc3 Rb8 24. Rac1 a4 (24... Qd8 $5 {[%cal Ra6c8]}) 25. Rc2 $2 {[#]} (25. Kg2 $15) 25... g6 ({Black should try} 25... Rb3 $1 $19 {[%cal Rb3c3][%mdl 512]} 26. axb3 cxb3 27. Qxc5 dxc5) 26. Ne3 $17 {[#]} Rb3 $3 {[%mdl 512] To avoid Qa3} 27. axb3 (27. Qd2 Rd3) 27... cxb3 {[%mdl 64] Discovered Attack} 28. Rcc1 (28. Qb4 $17 {keeps fighting.} bxc2 29. Rc1) 28... Rxc3 $19 29. Rxc3 Qa5 30. g5 Be7 (30... a3 31. Rxb3 axb2 32. Rxb2 $16) ({Better is} 30... h5 $19 {White must now prevent ...Qb4.} 31. Nd2 Qb4) 31. Ng4 $2 {[%mdl 8192] [#]} (31. Rec1 $17) 31... Qxc3 $3 {[%mdl 512] Black is clearly winning.} 32. bxc3 {Hoping for Nd2.} b2 {Strongly threatening ...a3.} 33. Ne3 {Nd2 is the strong threat.} a3 {And now ...a2 would win.} 34. Nc2 a2 35. Nd2 Bd3 36. Nb4 b1=Q {[%mdl 64] Promotion} 37. Nxb1 axb1=Q ({Worse is} 37... axb1=B 38. f3 $15) 38. Rxb1 Bxb1 39. f3 f5 40. gxf6 Bxf6 41. Kf2 Bxh4+ 42. Ke2 Bg5 43. c4 Kf8 44. Na6 Ba2 45. Kd3 Be7 46. Nb4 Bb3 47. Kc3 Bd1 48. c5 dxc5 {Weighted Error Value: White=0.61/Black=0.16 (very precise)} 0-1

[Event "Charlotte GM-A MLK 2022"]
[Site "Charlotte"]
[Date "2022.01.17"]
[Round "8.2"]
[White "Stremavicius, Titas"]
[Black "Zhou, Jianchao"]
[Result "1/2-1/2"]
[WhiteElo "2506"]
[BlackElo "2617"]
[Annotator "TA"]
[PlyCount "58"]
[EventDate "2022.01.13"]
[EventType "tourn"]
[EventCountry "USA"]

{[%evp 12,58,24,12,18,11,16,22,18,10,25,22,23,18,23,18,28,29,35,16,25,0,0,0,8,0,0,0,0,0,0,0,12,0,0,-8,0,-18,6,-50,0,-9,-17,-41,-11,-32,-28,-39,-14]} 1. c4 e6 2. Nc3 d5 3. d4 Nf6 4. cxd5 exd5 5. Bg5 c6 6. e3 h6 7. Bh4 Bd6 {D35: Queen's Gambit Declined: Exchange Variation.} 8. Bd3 O-O 9. Nge2 Re8 {The position is equal.} 10. Bg3 Bxg3 11. Nxg3 Nbd7 12. O-O {[#]} Nb6 $146 ({Predecessor:} 12... Nf8 13. b4 a6 14. a4 Ne6 15. b5 cxb5 16. axb5 a5 17. Na4 b6 18. Rc1 Nf8 19. Rc6 Rb8 20. Bf5 Be6 {½-½ (20) Zaja,I (2446)-Loncar,R (2353) Hum na Sutli 2017}) 13. Rc1 Qd6 14. Re1 Bd7 15. b3 Re7 16. Nf5 Bxf5 17. Bxf5 Rae8 18. Bb1 g6 19. Ne2 Kg7 20. Nf4 h5 21. h3 Nbd7 22. Nd3 a5 23. Qd2 Ra8 24. f3 Rae8 25. Nf2 ({White should try} 25. f4 $11) 25... b6 (25... Qb4 $15 26. Rc3 h4) 26. Qc3 c5 27. dxc5 Nxc5 {[%cal Od5d4]} 28. Rcd1 Qe5 29. Qd2 Kg8 {Weighted Error Value: White=0.10 (very precise) /Black=0.07 (flawless)} (29... Qg5 $5 {[%cal Re7e3]}) 1/2-1/2

[Event "Charlotte GM-A MLK 2022"]
[Site "Charlotte"]
[Date "2022.01.17"]
[Round "8.3"]
[White "Talukdar, Rohan"]
[Black "Mishra, Abhimanyu"]
[Result "0-1"]
[WhiteElo "2329"]
[BlackElo "2510"]
[Annotator "TA"]
[PlyCount "81"]
[EventDate "2022.01.13"]
[EventType "tourn"]
[EventCountry "USA"]

{[%evp 9,81,16,24,5,0,0,0,0,14,0,0,0,7,0,5,0,0,9,6,-4,6,6,5,0,5,6,7,-22,0,0,7,-47,-47,-236,-230,-229,-231,-296,-291,-294,-238,-298,-296,-335,-326,-433,-436,-1208,-1206,-2058,-572,-558,-548,-29988,-29987,-29987,-29988,-29989,-1067,-2372,-3039,-29980,-29981,-29984,-29985,-29987,-29988,-29988,-29989,-29989,-29990,-29990,-29991,-29991]} 1. e4 c5 2. Nf3 d6 3. Bb5+ Nd7 4. Ba4 Ngf6 5. O-O e6 6. d3 {B51: Sicilian: Moscow Variation (3 Bb5+) without 3...Bd7.} a6 7. c4 Be7 8. Nc3 {The position is equal.} O-O 9. h3 Qc7 10. Rb1 b6 11. a3 Bb7 {[#]} 12. Bf4 $146 ({Predecessor:} 12. Re1 Rad8 13. Bf4 Ne5 14. Bh2 Nfd7 15. Nxe5 dxe5 16. Qe2 Nb8 17. Qh5 Bf6 18. Qf3 {0-1 (39) Ozen,D (2429)-Dobrovoljc,V (2331) Vienna 2019}) 12... Rad8 13. Qe2 Ne5 14. Rfc1 Nfd7 15. b4 Nxf3+ 16. Qxf3 Ne5 17. Qe3 Bf6 18. Rb3 Bc6 (18... Ng6 $5 {[%cal Rf6d4]} 19. Bg3 h5 $11) 19. Bxc6 Nxc6 20. bxc5 (20. Ne2 $11) 20... bxc5 $15 21. Qxc5 $2 {Loses the game.} e5 $1 $19 {[%cal Be6e5,Be5f4,Bf4f3][%mdl 32]} ({Worse is} 21... dxc5 22. Bxc7 Rd7 23. Bf4 Rxd3 24. Rb6 $15) 22. Qb6 {[#]} Qd7 23. Qxa6 {Black must now prevent Rb7.} exf4 24. Rb7 Qc8 25. Nd5 Nd4 {...Ne2+ is the strong threat.} 26. Rcb1 f3 27. Qa7 Qe6 {Strongly threatening ...fxg2.} 28. g4 (28. Qa5 $142 Bg5 29. a4) 28... Be5 {( -> ...Qh6)} 29. Rb8 h5 (29... Nc6 30. Rxd8 Rxd8 31. Qb6 $19) (29... Qh6 $142 30. Rxd8 Rxd8) 30. Rxd8 Rxd8 31. Rb8 Rxb8 32. Qxb8+ Kh7 33. Qd8 Bf6 (33... Qh6 $142 34. Ne3 Qf4 35. Kf1 Qh2 36. Ke1 {[#]} Nc2+ $1 {[%mdl 512]} 37. Nxc2 Bf4 38. Ne3 Bxe3 39. Qh8+ Kxh8 40. Kd1 Qxf2 41. gxh5 Qe2#) 34. Nxf6+ gxf6 35. Kf1 hxg4 {Black mates.} 36. hxg4 Qxg4 37. Qxf6 Qg2+ 38. Ke1 Qg1+ 39. Kd2 Qxf2+ 40. Kc3 Qe1+ 41. Kxd4 {Weighted Error Value: White=1.08/Black=0.42} 0-1

[Event "Charlotte GM-A MLK 2022"]
[Site "Charlotte"]
[Date "2022.01.17"]
[Round "8.4"]
[White "Hilby, Craig"]
[Black "Posthuma, Joshua"]
[Result "1/2-1/2"]
[WhiteElo "2434"]
[BlackElo "2359"]
[Annotator "TA"]
[PlyCount "59"]
[EventDate "2022.01.13"]
[EventType "tourn"]
[EventCountry "USA"]

{[%evp 9,59,35,40,53,42,44,20,14,16,18,16,12,16,17,18,15,27,29,37,38,50,45,57,44,58,60,60,60,60,54,58,48,51,14,13,15,24,16,16,14,14,18,14,19,14,14,25,16,20,0,25,0]} 1. e4 c6 2. d4 d5 3. e5 c5 4. Nf3 Nc6 5. dxc5 Bg4 6. c3 {B12: Caro-Kann: Advance Variation.} e6 7. Be3 {7.b4 is vanishing.} a6 8. Nbd2 {The position is equal.} Nxe5 $1 9. h3 Nxf3+ 10. Nxf3 ({Of course not} 10. gxf3 Bh5 $11) 10... Bxf3 11. Qxf3 Nf6 {[%cal Bg8f6,Bf6d7,Bd7e5,Be5d3][%mdl 32]} 12. Bd3 {To avoid Ne4} Nd7 13. b4 {[#]} Ne5 $146 ({Predecessor:} 13... Be7 14. Qe2 Bf6 15. O-O Bxc3 16. Rac1 Be5 17. a4 O-O 18. f4 Bc7 19. Qf3 g6 {½-½ (43) Broadway,D (2300)-David Bordier,C (2325) ICCF email 2017}) 14. Qe2 Nxd3+ 15. Qxd3 Be7 16. O-O O-O 17. c4 dxc4 18. Qxc4 Qd7 19. a4 Rfd8 20. Qb3 Qd5 21. Qxd5 Rxd5 22. Rfd1 Rad8 $1 23. Rxd5 Rxd5 $11 {[%mdl 4096] Endgame KRB-KRB} 24. Rc1 Kf8 25. c6 bxc6 26. Rxc6 Bxb4 27. Rxa6 Bc5 28. Bxc5+ Rxc5 29. Ra7 g5 30. g3 {Weighted Error Value: White=0.05 (flawless) /Black=0.04 (flawless)} 1/2-1/2

[Event "Charlotte GM-A MLK 2022"]
[Site "Charlotte"]
[Date "2022.01.17"]
[Round "8.5"]
[White "Vazquez, Guillermo"]
[Black "Vivekananthan, Anish"]
[Result "1/2-1/2"]
[WhiteElo "2532"]
[BlackElo "2319"]
[Annotator "TA"]
[PlyCount "65"]
[EventDate "2022.01.13"]
[EventType "tourn"]
[EventCountry "USA"]

{[%evp 9,65,0,4,6,8,-4,0,0,4,0,0,0,-8,0,19,8,17,6,14,14,9,19,20,20,22,20,20,16,25,21,31,0,20,18,33,0,0,0,0,0,0,0,25,8,0,0,0,0,0,0,0,0,0,0,0,0,12,-16]} 1. d4 d5 2. Nf3 Nf6 3. c3 e6 4. Bf4 Bd6 5. e3 O-O 6. Nbd2 {D02: 1 d4 d5 2 Nf3 sidelines, including 2...Nf6 3 g3 and 2...Nf6 3 Bf4.} b6 7. h4 {[%cal Bh2h4,Bh4h5,Bh5h6][%mdl 32]} Bxf4 8. exf4 c5 9. h5 Qd6 10. h6 {aiming for hxg7.} g6 11. g3 {[#]} Ba6 $146 ({Predecessor:} 11... Nc6 12. a3 a5 13. Qa4 Bd7 14. Qd1 Rab8 15. Bd3 b5 16. Ne5 cxd4 17. Nxc6 Bxc6 18. cxd4 {0-1 (67) Yurtseven,M (2400)-Yilmazyerli,M (2413) Antalya 2021}) 12. Bxa6 Nxa6 13. Qe2 Nc7 14. Kf1 Nd7 15. Kg2 c4 16. b3 b5 17. a4 a6 18. Rhb1 Rfb8 19. Ne5 {Threatens to win with axb5.} f6 20. Ng4 Kf7 21. Qf3 Kg8 22. Nf1 cxb3 23. a5 (23. Rxb3 bxa4 24. Rxb8+ Rxb8 $15) 23... b4 24. Rxb3 bxc3 25. Qxc3 Kf7 26. Rxb8 Rxb8 {The position is equal.} 27. Rc1 Nb5 28. Qe3 Re8 29. Nd2 Qb8 30. Nf3 Nd6 31. Nd2 ({Much weaker is} 31. Rc6 Nc4 32. Qc3 Qb7 33. Rxc4 (33. Rc5 $2 Nxc5 34. dxc5 Qb2 $19) 33... dxc4 34. Qxc4 Rc8 $17) 31... Nb5 32. Nf3 Nd6 33. Nd2 {An even fight not without its subleties.  Weighted Error Value: White=0.03 (flawless) /Black=0.04 (flawless)} ({But not} 33. Rc6 Nc4 34. Qc3 Qb7 35. Rxc4 (35. Rc5 $2 Nxc5 36. dxc5 Qb2 $19) 35... dxc4 36. Qxc4 Rc8 $17) 1/2-1/2